Wind energy generation : (Record no. 9417)
[ view plain ]
| 000 -LEADER | |
|---|---|
| fixed length control field | 00665cam a22002172 4500 |
| 001 - CONTROL NUMBER | |
| control field | 0000020615 |
| 005 - DATE AND TIME OF LATEST TRANSACTION | |
| control field | 20151217152218.0 |
| 008 - FIXED-LENGTH DATA ELEMENTS--GENERAL INFORMATION | |
| fixed length control field | 110927s xx 000 0 eng d |
| 020 ## - INTERNATIONAL STANDARD BOOK NUMBER | |
| International Standard Book Number | 0470714331 : |
| 040 ## - CATALOGING SOURCE | |
| Original cataloging agency | KABU |
| Transcribing agency | KABU |
| 245 10 - TITLE STATEMENT | |
| Title | Wind energy generation : |
| Remainder of title | modelling and control. / |
| Statement of responsibility, etc. | Olimpo Anaya-Lara ... [et al.]. |
| 250 ## - EDITION STATEMENT | |
| Edition statement | 1st ed. |
| 260 ## - PUBLICATION, DISTRIBUTION, ETC. (IMPRINT) | |
| Place of publication, distribution, etc. | Chichester, UK : |
| Name of publisher, distributor, etc. | John Wiley, |
| Date of publication, distribution, etc. | 2009. |
| 300 ## - PHYSICAL DESCRIPTION | |
| Extent | xvii, 269 p. |
| 650 #0 - SUBJECT ADDED ENTRY--TOPICAL TERM | |
| Topical term or geographic name as entry element | Wind power. |
| -- | 0000171076 |
| 650 #0 - SUBJECT ADDED ENTRY--TOPICAL TERM | |
| Topical term or geographic name as entry element | Wind turbines. |
| -- | 0000181021 |
| 650 #0 - SUBJECT ADDED ENTRY--TOPICAL TERM | |
| Topical term or geographic name as entry element | Synchronous generators. |
| -- | 0000181022 |
| 852 1# - LOCATION | |
| -- | p6875 KES |
| 908 ## - PUT COMMAND PARAMETER (RLIN) | |
| Put command parameter | 110927 |
| 950 ## - LOCAL HOLDINGS (RLIN) | |
| -- | 1 |
| Withdrawn status | Lost status | Source of classification or shelving scheme | Not for loan | Home library | Current library | Date acquired | Total Checkouts | Full call number | Barcode | Date last seen | Date last checked out | Price effective from | Koha item type |
|---|---|---|---|---|---|---|---|---|---|---|---|---|---|
| Library of Congress Classification | Kabarak, Main Campus | Kabarak, Main Campus | 17/12/2015 | 1 | TJ820 .W56 2009 c.1 | 19362 | 28/06/2021 | 11/06/2021 | 17/12/2015 | General Collection |